Otsochodzi - 2011 - Statystyki

Ogólne statystyki
  • Ten quiz został rozwiązany 3 razy
  • Średni wynik to 5 z 15
Statystyki odpowiedzi
2011 % Poprawnych
Mów
100%
Oopsy Daisy
100%
DOM
50%
Kevin
50%
Między nami
50%
Mówią (2020)
50%
Ocean Blue
50%
WW
50%
5AM IN Greece
0%
$ Class
0%
Czego?!
0%
Pada
0%
Póki co
0%
Warsaw Local Boy
0%
Wszystko co mam
0%
Nie znaleziono quizów pasujących do podanych kryteriów
Rozkład punktacji
Procent ludzi z każdym wynikiem
Percentyl według liczby udzielonych odpowiedzi
Twoja historia wyników
Nie rozwiązałeś tego quizu